[Event "Lisbon District-ch sf"]
[Site "Lisbon"]
[Date "2010.04.22"]
[Round "6"]
[White "Maslov, Vadim Grigorievitch"]
[Black "Esteves, Goncalo Maria Franc"]
[Result "1/2-1/2"]
[WhiteElo "1939"]
[BlackElo "1782"]
[PlyCount "70"]
[EventDate "2010.04.06"]
[EventType "swiss"]
[EventRounds "8"]
[EventCountry "POR"]
[SourceTitle "EXT 2022"]
[Source "ChessBase"]
[SourceDate "2021.10.06"]
[SourceVersion "1"]
[SourceVersionDate "2021.10.06"]
[SourceQuality "1"]

1. d4 Nf6 2. c4 g6 3. Nc3 Bg7 4. e4 d6 5. Be2 0-0 6. Be3 Nbd7 7. g4 c5 8. g5 Ne8 9. h4 Qa5 10. Qd2 a6 11. h5 Nc7 12. Nh3 Ne6 13. d5 Nd4 14. Bxd4 Bxd4 15. Nd1 Qxd2+ 16. Kxd2 Re8 17. Nf4 Ne5 18. f3 Bd7 19. a4 b5 20. axb5 axb5 21. Rxa8 Rxa8 22. cxb5 Rb8 23. Nc3 Bxc3+ 24. bxc3 c4 25. hxg6 hxg6 26. Rb1 Rxb5 27. Rb4 Rc5 28. Ng2 Ra5 29. Rb2 f5 30. Ne3 fxe4 31. fxe4 Nf7 32. Nxc4 Rc5 33. Rb7 Bb5 34. Ne3 Bxe2 35. Kxe2 Kf8 1/2-1/2

[Event "Lisbon Carris op 4th"]
[Site "Lisbon"]
[Date "2006.02.10"]
[Round "4"]
[White "Maslov, Vadim Grigorievitch"]
[Black "Francisco, Angelo Rodrigues"]
[Result "1-0"]
[WhiteElo "1910"]
[BlackElo "1682"]
[PlyCount "71"]
[EventDate "2006.02.02"]
[EventType "swiss"]
[EventRounds "7"]
[EventCountry "POR"]
[SourceTitle "EXT 2008"]
[Source "ChessBase"]
[SourceDate "2007.11.25"]
[SourceVersion "1"]
[SourceVersionDate "2007.11.25"]
[SourceQuality "1"]

1. d4 f5 2. h3 g6 3. Nf3 Bg7 4. Nc3 d5 5. Bf4 c6 6. Qd3 Nf6 7. Ng5 h6 8. Nf3 0-0 9. 0-0-0 a5 10. Nd2 Ne4 11. Ncxe4 dxe4 12. Qg3 Qxd4 13. c3 Qd5 14. Bxb8 Qxa2 15. e3 b5 16. Be5 Kh7 17. Bxg7 Kxg7 18. Qe5+ Kf7 19. Nb1 Be6 20. Be2 Rfd8 21. g4 Bb3 22. Rxd8 Rxd8 23. gxf5 e6 24. fxg6+ Ke7 25. Qc7+ Rd7 26. Qxc6 Bd5 27. Qc5+ Kd8 28. g7 Rxg7 29. Qf8+ Kc7 30. Qxg7+ Kc6 31. Qa7 b4 32. cxb4 a4 33. Qc5+ Kb7 34. Rg1 e5 35. Rg7+ Bf7 36. Bc4 1-0

[Event "Carris GD op 3rd"]
[Site "Portugal"]
[Date "2005.??.??"]
[Round "5"]
[White "Maslov, Vadim Grigorievitch"]
[Black "Placido, Maria Armanda Codea"]
[Result "1-0"]
[WhiteElo "1868"]
[BlackElo "1892"]
[PlyCount "85"]
[EventDate "2005.??.??"]
[EventType "swiss"]
[EventRounds "7"]
[EventCountry "POR"]
[SourceTitle "EXT 2007"]
[Source "ChessBase"]
[SourceDate "2006.11.23"]
[SourceVersion "1"]
[SourceVersionDate "2006.11.23"]
[SourceQuality "1"]

1. d4 d5 2. c4 e6 3. Nf3 Nf6 4. Nc3 c6 5. e3 Bb4 6. Bd2 0-0 7. Bd3 dxc4 8. Bxc4 Nbd7 9. 0-0 Re8 10. a3 Bd6 11. Qc2 Qa5 12. Nb5 Bxh2+ 13. Nxh2 Qd8 14. Nd6 Re7 15. Bb4 Nd5 16. Bxd5 cxd5 17. Qe2 a5 18. Nxc8 axb4 19. Nxe7+ Qxe7 20. axb4 Rf8 21. Qb5 Nf6 22. Qc5 Qd7 23. f3 h5 24. Rfc1 Rb8 25. b5 b6 26. Qc6 Qd8 27. Ra7 Qf8 28. Qc7 Nh7 29. Rca1 Ng5 30. Qxb8 Qxb8 31. Ra8 Qxa8 32. Rxa8+ Kh7 33. Rb8 f6 34. Rxb6 e5 35. Ra6 Nf7 36. b6 Nd8 37. Ra7 exd4 38. exd4 Nc6 39. Rc7 Nb8 40. Rc8 Nd7 41. b7 Kg6 42. b8Q Nxb8 43. Rxb8 1-0